000 00624nam a22002057a 4500
005 20251108164702.0
008 250721s1978 xx 000 0 ara d
082 1 4 _a811.909563/عبد
100 1 _aعلي، عبد الرضا
245 1 0 _aالأسطورة في شعر السياب /
264 1 _aبغداد :
_bوزارة الثقافة و الفنون،
_c1978.
300 _a240ص
490 0 _aسلسلة دراسات ؛ 147
650 1 7 _aالشعر العربي
650 1 7 _aالتاريخ الأدبي
650 1 7 _aالنقد الأدبي
650 1 7 _aالعراق
942 _2ddc
_cBK
999 _c11816
_d11816